<?xml version="1.0" encoding="UTF-8"?>
<record
    xmlns:xsi="http://www.w3.org/2001/XMLSchema-instance"
    xsi:schemaLocation="http://www.loc.gov/MARC21/slim http://www.loc.gov/standards/marcxml/schema/MARC21slim.xsd"
    xmlns="http://www.loc.gov/MARC21/slim">

  <leader>00344nam a22001337a 4500</leader>
  <controlfield tag="003">SGT</controlfield>
  <datafield tag="020" ind1=" " ind2=" ">
    <subfield code="a">93-86405-18-0</subfield>
  </datafield>
  <datafield tag="082" ind1=" " ind2=" ">
    <subfield code="a">370</subfield>
    <subfield code="b">TOM</subfield>
  </datafield>
  <datafield tag="100" ind1=" " ind2=" ">
    <subfield code="a">&#x924;&#x94B;&#x92E;&#x930;, &#x921;&#x949;. &#x917;&#x91C;&#x947;&#x902;&#x926;&#x94D;&#x930; &#x938;&#x93F;&#x902;&#x939;</subfield>
  </datafield>
  <datafield tag="245" ind1=" " ind2=" ">
    <subfield code="a">&#x92A;&#x930;&#x94D;&#x92F;&#x93E;&#x935;&#x930;&#x923; &#x936;&#x93F;&#x915;&#x94D;&#x937;&#x93E;</subfield>
  </datafield>
  <datafield tag="260" ind1=" " ind2=" ">
    <subfield code="a">U.P. </subfield>
    <subfield code="b">R. LALL </subfield>
    <subfield code="c">2018</subfield>
  </datafield>
  <datafield tag="300" ind1=" " ind2=" ">
    <subfield code="a">364</subfield>
  </datafield>
  <datafield tag="942" ind1=" " ind2=" ">
    <subfield code="2">ddc</subfield>
    <subfield code="c">BK</subfield>
    <subfield code="0">2</subfield>
  </datafield>
  <datafield tag="952" ind1=" " ind2=" ">
    <subfield code="0">0</subfield>
    <subfield code="1">0</subfield>
    <subfield code="2">ddc</subfield>
    <subfield code="4">0</subfield>
    <subfield code="7">0</subfield>
    <subfield code="8">FE</subfield>
    <subfield code="a">FE</subfield>
    <subfield code="b">FE</subfield>
    <subfield code="c">TXT</subfield>
    <subfield code="d">2019-03-20</subfield>
    <subfield code="e">INDIAN PUB. </subfield>
    <subfield code="g">225.00</subfield>
    <subfield code="i">SGTU</subfield>
    <subfield code="l">1</subfield>
    <subfield code="o">370 TOM</subfield>
    <subfield code="p">ED3416</subfield>
    <subfield code="r">2020-01-09 00:00:00</subfield>
    <subfield code="s">2020-01-06</subfield>
    <subfield code="w">2019-02-28</subfield>
    <subfield code="y">BK</subfield>
    <subfield code="k">118</subfield>
  </datafield>
  <datafield tag="952" ind1=" " ind2=" ">
    <subfield code="0">0</subfield>
    <subfield code="1">0</subfield>
    <subfield code="2">ddc</subfield>
    <subfield code="4">0</subfield>
    <subfield code="7">0</subfield>
    <subfield code="8">FE</subfield>
    <subfield code="a">FE</subfield>
    <subfield code="b">FE</subfield>
    <subfield code="c">TXT</subfield>
    <subfield code="d">2019-03-20</subfield>
    <subfield code="e">INDIAN PUB. </subfield>
    <subfield code="g">225.00</subfield>
    <subfield code="i">SGTU</subfield>
    <subfield code="l">1</subfield>
    <subfield code="o">370 TOM</subfield>
    <subfield code="p">ED3417</subfield>
    <subfield code="r">2020-10-29 00:00:00</subfield>
    <subfield code="s">2020-03-12</subfield>
    <subfield code="w">2019-02-28</subfield>
    <subfield code="y">BK</subfield>
    <subfield code="k">118</subfield>
  </datafield>
  <datafield tag="952" ind1=" " ind2=" ">
    <subfield code="0">0</subfield>
    <subfield code="1">0</subfield>
    <subfield code="2">ddc</subfield>
    <subfield code="4">0</subfield>
    <subfield code="7">0</subfield>
    <subfield code="8">FE</subfield>
    <subfield code="a">FE</subfield>
    <subfield code="b">FE</subfield>
    <subfield code="c">TXT</subfield>
    <subfield code="d">2019-03-20</subfield>
    <subfield code="e">INDIAN PUB. </subfield>
    <subfield code="g">225.00</subfield>
    <subfield code="i">SGTU</subfield>
    <subfield code="l">4</subfield>
    <subfield code="o">370 TOM</subfield>
    <subfield code="p">ED3418</subfield>
    <subfield code="r">2020-10-08 00:00:00</subfield>
    <subfield code="s">2020-03-03</subfield>
    <subfield code="w">2019-02-28</subfield>
    <subfield code="y">BK</subfield>
    <subfield code="k">118</subfield>
  </datafield>
  <datafield tag="952" ind1=" " ind2=" ">
    <subfield code="0">0</subfield>
    <subfield code="1">0</subfield>
    <subfield code="2">ddc</subfield>
    <subfield code="4">0</subfield>
    <subfield code="7">0</subfield>
    <subfield code="8">FE</subfield>
    <subfield code="a">FE</subfield>
    <subfield code="b">FE</subfield>
    <subfield code="c">TXT</subfield>
    <subfield code="d">2019-03-20</subfield>
    <subfield code="e">INDIAN PUB. </subfield>
    <subfield code="g">225.00</subfield>
    <subfield code="i">SGTU</subfield>
    <subfield code="l">4</subfield>
    <subfield code="o">370 TOM</subfield>
    <subfield code="p">ED3419</subfield>
    <subfield code="r">2023-11-21 00:00:00</subfield>
    <subfield code="s">2023-09-23</subfield>
    <subfield code="w">2019-02-28</subfield>
    <subfield code="y">BK</subfield>
    <subfield code="k">118</subfield>
  </datafield>
  <datafield tag="952" ind1=" " ind2=" ">
    <subfield code="0">0</subfield>
    <subfield code="1">0</subfield>
    <subfield code="2">ddc</subfield>
    <subfield code="4">0</subfield>
    <subfield code="7">0</subfield>
    <subfield code="8">FE</subfield>
    <subfield code="a">FE</subfield>
    <subfield code="b">FE</subfield>
    <subfield code="c">TXT</subfield>
    <subfield code="d">2019-03-20</subfield>
    <subfield code="e">INDIAN PUB. </subfield>
    <subfield code="g">225.00</subfield>
    <subfield code="i">SGTU</subfield>
    <subfield code="l">2</subfield>
    <subfield code="o">370 TOM</subfield>
    <subfield code="p">ED3420</subfield>
    <subfield code="r">2023-02-28 00:00:00</subfield>
    <subfield code="s">2023-01-09</subfield>
    <subfield code="w">2019-02-28</subfield>
    <subfield code="y">BK</subfield>
    <subfield code="k">118</subfield>
  </datafield>
  <datafield tag="999" ind1=" " ind2=" ">
    <subfield code="c">17155</subfield>
    <subfield code="d">17155</subfield>
  </datafield>
</record>
